Muslim Jesus:Saying and Stories in Islamic Literature (Record no. 17114)

MARC details
000 -LEADER
fixed length control field 00555nam a2200181 a 4500
020 ## - INTERNATIONAL STANDARD BOOK NUMBER
ISBN 0674779
082 00 - DEWEY DECIMAL CLASSIFICATION NUMBER
Classification number 297.2465
Author Cutter KHA
100 ## - MAIN ENTRY--AUTHOR NAME
Author name Khalidi, Tarif
245 ## - TITLE STATEMENT
Title Muslim Jesus:Saying and Stories in Islamic Literature
260 ## - PUBLICATION, DISTRIBUTION, ETC. (IMPRINT)
Place of publication Cambridge
Name of publisher Harvard University Press
Year of publication 2001
300 ## - PHYSICAL DESCRIPTION
Number of Pages 245p
500 ## - GENERAL NOTE
General note includes index and biblioraphy
505 2# - FORMATTED CONTENTS NOTE
Formatted contents note Notes, Bibliography of Arabic Sources, Index
650 ## - SUBJECT ADDED ENTRY--TOPICAL TERM
Topical Term Jesus Christ-Islamic Interpretation
650 ## - SUBJECT ADDED ENTRY--TOPICAL TERM
Topical Term Christianity and Other Religions
942 ## - ADDED ENTRY ELEMENTS (KOHA)
Koha item type Books
700 1# -
-- Khalidi, Tarif
Holdings
Collection code Home library Current library Date acquired Cost, normal purchase price Full call number Accession Number Koha item type
  Henry Martyn Institute Library Henry Martyn Institute Library 05/30/2012 1127.00 297.2465 KHA 020289 Books
                   Copyright © 2026 | Henry Martyn Institute | Hyderabad | TS-500052 | INDIA | Implemented by hmi.edu.in
Hit-Count:

Powered by Koha